00393nam a2200193Ia 4500003000900000008004100009040001300050040001300063041000800076100002000084100000900104245003000113250001100143260000800154260000900162300001000171300001200181490000600193IT-RoPAU120407s9999 xx 000 0 und d aIT-RoPAU cIT-RoPAU aita aAntonio Cojazzi csac. aL’anima umana non muore aTorino aSei c1942 a64 p. c19,5 cm v1